Nový instrument Mezinárodní organizace práce pro nezaměstnané.
Na 75. zasadnutí Generálnej konferencie Medzinárodnej organizácie práce v júni 1988 bola schválená dohoda č. 168 o podpore zamestnanosti a ochrane proti nezamestnanosti, ktorá vedľa všeobecných zásad obsahuje predovšetkým ustanovenie o sociálnom zabezpečení v prípade nezamestnanosti. Plné znenie doh...
Gespeichert in:
| 1. Verfasser: | |
|---|---|
| Format: | Buchkapitel |
| Sprache: | Tschechisch |
| Schlagworte: | |
| Tags: |
Keine Tags, Fügen Sie das erste Tag hinzu!
|
MARC
| LEADER | 00000naa a2200000 4500 | ||
|---|---|---|---|
| 001 | r006433 | ||
| 005 | 20221125080752.3 | ||
| 041 | 0 | |a cze | |
| 044 | |a [CS] | ||
| 245 | 1 | 0 | |a Nový instrument Mezinárodní organizace práce pro nezaměstnané. |c Miroslav Fuchs |
| 520 | |a Na 75. zasadnutí Generálnej konferencie Medzinárodnej organizácie práce v júni 1988 bola schválená dohoda č. 168 o podpore zamestnanosti a ochrane proti nezamestnanosti, ktorá vedľa všeobecných zásad obsahuje predovšetkým ustanovenie o sociálnom zabezpečení v prípade nezamestnanosti. Plné znenie dohody. | ||
| 610 | 2 | 0 | |a nezamestnanosť |
| 610 | 2 | 0 | |a MOP |
| 610 | 2 | 0 | |a predpisy právne |
| 610 | 2 | 0 | |a 1988 |
| 610 | 2 | 0 | |a zabezpečenie sociálne |
| 610 | 2 | 0 | |a podpory v nezamestnanosti |
| 100 | 1 | |a Fuchs, Miroslav | |